Namibia : Selected Issues.

This Selected Issues paper analyzes policies that can raise potential growth in small middle-income countries (SMICs) of sub-Saharan Africa (SSA). The findings suggest that although macroeconomic stability and trade openness are necessary for productivity growth, they are not sufficient. SMICs in SS...

Celý popis

Podrobná bibliografie
Korporativní autor: International Monetary Fund. African Dept
Médium: Časopis
Jazyk:English
Vydáno: Washington, D.C. : International Monetary Fund, 2014.
Edice:IMF Staff Country Reports; Country Report ; No. 2014/041
On-line přístup:Full text available on IMF
LEADER 01914cas a2200241 a 4500
001 AALejournalIMF014207
008 230101c9999 xx r poo 0 0eng d
020 |c 5.00 USD 
020 |z 9781475580396 
022 |a 1934-7685 
040 |a BD-DhAAL  |c BD-DhAAL 
110 2 |a International Monetary Fund.  |b African Dept. 
245 1 0 |a Namibia :   |b Selected Issues. 
264 1 |a Washington, D.C. :  |b International Monetary Fund,  |c 2014. 
300 |a 1 online resource (48 pages) 
490 1 |a IMF Staff Country Reports 
500 |a <strong>Off-Campus Access:</strong> No User ID or Password Required 
500 |a <strong>On-Campus Access:</strong> No User ID or Password Required 
506 |a Electronic access restricted to authorized BRAC University faculty, staff and students 
520 3 |a This Selected Issues paper analyzes policies that can raise potential growth in small middle-income countries (SMICs) of sub-Saharan Africa (SSA). The findings suggest that although macroeconomic stability and trade openness are necessary for productivity growth, they are not sufficient. SMICs in SSA need to improve the quality of their public spending, most notably on education, to solve the problem of skill mismatch in the labor market, reduce the regulatory burden on firms, improve access to financing by small and medium-size enterprises, and pave the way for structural transformation in these economies. Given the short-term cost of these reforms, the timing and sequencing of reforms and the role of quick wins is important for their implementation. In some cases, a social bargain can be a mechanism to generate consensus around a package of mutually reinforcing reforms. 
538 |a Mode of access: Internet 
830 0 |a IMF Staff Country Reports; Country Report ;  |v No. 2014/041 
856 4 0 |z Full text available on IMF  |u http://elibrary.imf.org/view/journals/002/2014/041/002.2014.issue-041-en.xml  |z IMF e-Library